000 00305nam a22001337a 4500
008 170407b xxu||||| |||| 00| 0 eng d
020 _a9781416029458
041 _aeng
080 _23 ED
_a611.018
100 _a9
101 _aSHM
245 _aCOLOR TEXBOOK HISTOLOGY
_cGARTNER.L.P
942 _2udc
_cBK
999 _c10070
_d10070